| 000 | 00526nam a2200157 a 4500 | ||
|---|---|---|---|
| 008 | 120416s1995 ||||||||||||||||| || u | ||
| 020 | _a0673151832 | ||
| 050 | _aBF 204 Psy | ||
| 100 | _aZimbardo, Philip G | ||
| 245 | 1 | 0 | _aPsychology: a European text. (13th ed.) |
| 250 | _a13th ed. | ||
| 260 |
_aLondon: _bHarper _c1995 |
||
| 350 | _a0.00 | ||
| 650 | 3 | _aPSYCHOLOGY | |
| 995 |
_D0.00 _FCBU-MAIN LIBRARY (Kitwe) _H1 _I35.00 _M1 _UAVAILABLE _ZMain Library Open Access Collection |
||
| 999 |
_c55216 _d55216 |
||